000 00489nam a2200169Ia 4500
999 _c8997
_d8997
003 OSt
005 20201009131006.0
008 190216s9999||||xx |||||||||||||| ||und||
040 _coclc
082 _a006.696
_bRAD/A
100 _aRadhakrishnan, Manakkal
_94382
245 0 _aAutodesk 3ds Max 9 /
_cManakkal Radhakrishnan
260 _bSt.Jude Books,
_aKozhikode:
_c2009.
300 _a495p
650 _aComputer
942 _cBK
_2ddc
_h006.696
_iRAD/A
_k006.696
_mRAD/A